| 000 | 00340nam a2200133Ia 4500 | ||
|---|---|---|---|
| 005 | 20260328101445.0 | ||
| 008 | 260328s9999||||xx |||||||||||||| ||und|| | ||
| 100 | _aTraba, Marta | ||
| 245 | 0 |
_aLos Muebles de Beatriz González / _cMarta Traba |
|
| 260 | _bMuseo de Arte Moderno de Bogotá | ||
| 300 | _a114 p. | ||
| 650 | _aARTE | ||
| 942 | _cBK | ||
| 999 |
_c8423 _d8423 |
||